000 00346nab a22001097u 4500
008 130520b1991 xxu||||| |||| 00| 0 spa d
041 _aspa
100 1 _aTracy, David
_916480
245 0 0 _aPluralidad de lectores y posibilidad de una visión compatible
_cDavid Tracy
773 0 _tConcilium
_gV.1,1991,págs.157-167
_x0210-1041
_wRev134
942 _cAR
999 _c355631
_d355631